000 00479nam a2200181Ia 4500
003 GCL
008 140319s9999 xx 000 0 eng d
040 _aGCL /
_cGCL
082 0 4 _a746.97
_bF W
100 1 _aFAX, SANDI
245 1 0 _aWRAPPED IN GLORY: FIGURATINE QUILTS AND BEDCOVENS 1700-1900 /
_cFAX, SANDI
260 _a[S.N] :
_bTHAMES AND HUDSON ،
_c1990
300 _a167 P
650 0 4 _aARTS
650 0 4 _aDECORATIVE ARTS
650 0 4 _aBEDCLOTHING
942 _2ddc
_cBK
999 _c19213
_d19213